Vies de la Nou i Malanyeu : PR-C199 : de la geografia a l'anècdota / Rossend Mangot Casanoves PR-C199 :
ISBN:
978-84-932012-7-2
Descripción Física:
144 : il. col., map. ; 21 cm
Colección:
Pedraforca ; 1
Otros Autores:
Centre d'Estudis d'Avià
MARC
| LEADER | 00000nam a2200000Ia 4500 | ||
|---|---|---|---|
| 001 | 21371 | ||
| 008 | 160829s2008 xx 000 0 cat d | ||
| 020 | |a 978-84-932012-7-2 | ||
| 080 | |a C-3-190 | ||
| 100 | |a Mangot Casanoves, Rossend |9 44386 | ||
| 245 | |a Vies de la Nou i Malanyeu : |b PR-C199 : |b de la geografia a l'anècdota / Rossend Mangot Casanoves | ||
| 260 | |a Avià : |b Centre d'Estudis d'Avià, |c 2008 | ||
| 300 | |a 144 : |b il. col., map. ; |c 21 cm | ||
| 490 | |a Pedraforca ; 1 | ||
| 590 | |a Inclou un mapa a escala 1:25000. | ||
| 590 | |a Bibliografia | ||
| 650 | |a Caminades |x la Nou de Berguedà |9 44387 | ||
| 650 | |a Caminades |x Malanyeu |9 44388 | ||
| 700 | |a Centre d'Estudis d'Avià |9 41028 | ||
| 901 | |a Arxiu | ||
| 942 | |n 1 | ||
| 952 | |0 0 |1 0 |4 0 |6 C3190 |7 1 |9 51927 |a Arxiu |b Arxiu |d 2016-12-01 |l 0 |o C-3-190 |p 21371 |r 2016-12-01 00:00:00 |w 2016-12-01 |y ARXIU | ||
| 999 | |c 55773 |d 55773 | ||